01016nam a2200265 a 4500001001000000003000900010005001700019008003600036020001500072040002500087082002700112100004400139245009300183260005400276300002200330490006900352590002600421651002200447651004500469700003100514910004200545942001200587952013400599999001700733000011253DO-SdBNP20230503103243.0091015s1979 dr 000 0 spa d a8484010236 aDO-SdBNPbspacBPMSU a972.94bD717m 19792221 aDorsainvil, Jean Crisostomed1880-1942.10aManual de historia de Haití /cJean Crisostome Dorsainvil; prólogo Hermano Archange. aSanto Domingo :bEditora de Santo Domingo,c1979. a342 p. ;c23 cm. 0 aCultura dominicana aSociedad Dominicana de Bibliófilos ; v30 6Inventariado, 2023/VM 4aHaitíxHistoria 4aHaitíxPolítica y gobiernoxHistoria1 aArchange, Hermanoepról. a VMateo V. Control de calidad (BPMSU) 2ddccBK 00102ddc40708CDaBPMETbBPMETd2023-05-03eCOPARDOMl0oBPMSU CD 972.94 D717m 1979pBPMSU23050003r2023-05-03w2023-05-03yBK c14386d14386